For one more day / (Record no. 343540)
[ view plain ]
| 000 -LEADER | |
|---|---|
| fixed length control field | 00768nam a2200277Ia 4500 |
| 003 - CONTROL NUMBER IDENTIFIER | |
| control field | SISC |
| 005 - DATE AND TIME OF LATEST TRANSACTION | |
| control field | 20181022082637.0 |
| 008 - FIXED-LENGTH DATA ELEMENTS--GENERAL INFORMATION | |
| fixed length control field | 170918s9999 xx 000 0 und d |
| 020 ## - INTERNATIONAL STANDARD BOOK NUMBER | |
| International Standard Book Number | 9780786891177 |
| 050 ## - LIBRARY OF CONGRESS CALL NUMBER | |
| Item number | A339fo 2006 |
| 050 ## - LIBRARY OF CONGRESS CALL NUMBER | |
| Classification number | PZ 7 |
| Item number | .A339fo 2006 |
| 100 ## - MAIN ENTRY--PERSONAL NAME | |
| Personal name | Albom, Mitch |
| 245 ## - TITLE STATEMENT | |
| Title | For one more day / |
| 245 ## - TITLE STATEMENT | |
| Statement of responsibility, etc | by Mitch Albom. |
| 260 ## - PUBLICATION, DISTRIBUTION, ETC. (IMPRINT) | |
| Place of publication, distribution, etc | New York : |
| 260 ## - PUBLICATION, DISTRIBUTION, ETC. (IMPRINT) | |
| Name of publisher, distributor, etc | Hyperion, |
| 260 ## - PUBLICATION, DISTRIBUTION, ETC. (IMPRINT) | |
| Date of publication, distribution, etc | 2006 |
| 300 ## - PHYSICAL DESCRIPTION | |
| Extent | 197 pages : |
| 300 ## - PHYSICAL DESCRIPTION | |
| Other physical details | illustrations ; |
| 300 ## - PHYSICAL DESCRIPTION | |
| Dimensions | 17cm. |
| 650 ## - SUBJECT ADDED ENTRY--TOPICAL TERM | |
| Source of heading or term | Cataloging In-Publication Data |
| Topical term or geographic name as entry element | Mothers and sons |
| Form subdivision | Fiction |
| 650 ## - SUBJECT ADDED ENTRY--TOPICAL TERM | |
| Source of heading or term | Cataloging In-Publication Data |
| Topical term or geographic name as entry element | Mothers |
| General subdivision | Death |
| Form subdivision | Fiction |
| 650 ## - SUBJECT ADDED ENTRY--TOPICAL TERM | |
| Source of heading or term | Cataloging In-Publication Data |
| Topical term or geographic name as entry element | Suicidal behavior |
| Form subdivision | Fiction |
| 942 ## - ADDED ENTRY ELEMENTS (KOHA) | |
| Source of classification or shelving scheme | Library of Congress Classification |
| Koha item type | Books |
| Withdrawn status | Lost status | Damaged status | Home library | Current library | Date acquired | Total Checkouts | Full call number | Barcode | Date last seen | Price effective from | Koha item type | Source of classification or shelving scheme | Shelving location | Source of acquisition | Sub Shelving location | Public note |
|---|---|---|---|---|---|---|---|---|---|---|---|---|---|---|---|---|
| Luxembourg Library | Luxembourg Library | 10/16/2018 | PZ 7 .A339fo 2006 | 20619 | 10/22/2018 | 10/16/2018 | Books | Library of Congress Classification | Fiction Section | Donation | Donated by Mr. Goldman | |||||
| Stonyhurst Southville International School (Malarayat) | Stonyhurst Southville International School (Malarayat) | 09/18/2017 | FIC A339fo 2006 | SSISM2612 | 09/18/2017 | 09/18/2017 | Books |